[Event "8. Open Vila de Salou"]
[Site "Salou ESP"]
[Date "2006.06.11"]
[Round "5.20"]
[White "Vinals Rioja, Jaume"]
[Black "Ruprich, Udo"]
[Result "1/2-1/2"]
[WhiteElo "2122"]
[BlackElo "2021"]
[PlyCount "64"]
[EventDate "2006.06.07"]
[EventType "swiss"]
[EventRounds "9"]
[EventCountry "ESP"]
[Source "lmi"]
[SourceDate "2006.06.16"]

1. e4 c6 2. d4 d5 3. exd5 cxd5 4. c4 dxc4 5. Bxc4 e6 6. Nf3 Nf6 7. O-O Qc7 8.
Qe2 Be7 9. Nc3 a6 10. Ne5 O-O 11. Bg5 Nc6 12. Rfd1 b5 13. Bb3 Bb7 14. Rac1 Rac8
15. Nxc6 Bxc6 16. d5 b4 17. dxc6 bxc3 18. Rxc3 Rfd8 19. Rxd8+ Rxd8 20. g3 a5
21. Rc1 Nd5 22. Bxe7 Nxe7 23. Ba4 g6 24. a3 Rb8 25. Qc2 Kf8 26. Rd1 Nd5 27. Bb3
Ne7 28. Ba4 Nd5 29. Qc5+ Kg8 30. Rb1 h5 31. h4 Qe5 32. Rc1 Qxb2 1/2-1/2

[Event "8. Open Vila de Salou"]
[Site "Salou ESP"]
[Date "2006.06.12"]
[Round "6.1"]
[White "Hamdouchi, Hichem"]
[Black "Spraggett, Kevin"]
[Result "1/2-1/2"]
[WhiteElo "2559"]
[BlackElo "2578"]
[PlyCount "73"]
[EventDate "2006.06.07"]
[EventType "swiss"]
[EventRounds "9"]
[EventCountry "ESP"]
[Source "lmi"]
[SourceDate "2006.06.16"]

1. e4 c5 2. Nf3 d6 3. d4 Nf6 4. Nc3 cxd4 5. Qxd4 a6 6. Bg5 Nc6 7. Qd2 h6 8.
Bxf6 gxf6 9. O-O-O e6 10. Nd4 Bd7 11. f4 Qc7 12. Be2 h5 13. h4 O-O-O 14. Kb1
Kb8 15. Nxc6+ Bxc6 16. Bf3 Rc8 17. a3 Qa5 18. Ne2 Qxd2 19. Rxd2 Be7 20. f5 exf5
21. exf5 Bxf3 22. gxf3 Rc5 23. Nf4 Rxf5 24. Nd5 Re5 25. f4 Re4 26. Nxe7 Rxe7
27. Rxd6 Rh6 28. Rh3 Rg6 29. f5 Kc7 30. Rd4 Rg1+ 31. Ka2 Rd7 32. Rc3+ Kd8 33.
Rdc4 Rf1 34. Rc8+ Ke7 35. Re3+ Kd6 36. Rd3+ Ke7 37. Re3+ 1/2-1/2

[Event "8. Open Vila de Salou"]
[Site "Salou ESP"]
[Date "2006.06.12"]
[Round "6.2"]
[White "Mirzoev, Azer"]
[Black "Pogorelov, Ruslan"]
[Result "1/2-1/2"]
[WhiteElo "2532"]
[BlackElo "2385"]
[PlyCount "32"]
[EventDate "2006.06.07"]
[EventType "swiss"]
[EventRounds "9"]
[EventCountry "ESP"]
[Source "lmi"]
[SourceDate "2006.06.16"]

1. Nf3 c5 2. c4 Nf6 3. g3 b6 4. Bg2 Bb7 5. O-O e6 6. Nc3 Be7 7. d4 cxd4 8. Qxd4
d6 9. b3 O-O 10. Bb2 a6 11. Ng5 Bxg2 12. Kxg2 Qc7 13. Nge4 Nbd7 14. Rad1 Rfd8
15. Qe3 Nc5 16. Nxc5 bxc5 1/2-1/2

[Event "8. Open Vila de Salou"]
[Site "Salou ESP"]
[Date "2006.06.12"]
[Round "6.3"]
[White "Korneev, Oleg"]
[Black "Vehi Bach, Victor M"]
[Result "1/2-1/2"]
[WhiteElo "2671"]
[BlackElo "2335"]
[PlyCount "177"]
[EventDate "2006.06.07"]
[EventType "swiss"]
[EventRounds "9"]
[EventCountry "ESP"]
[Source "lmi"]
[SourceDate "2006.06.16"]

1. e4 c5 2. Nf3 e6 3. d4 cxd4 4. Nxd4 Nf6 5. Nc3 d6 6. Be3 a6 7. f3 Be7 8. Qd2
Nc6 9. O-O-O O-O 10. g4 Nxd4 11. Bxd4 b5 12. g5 Nd7 13. h4 Qc7 14. Kb1 b4 15.
Na4 Bb7 16. b3 Bc6 17. Nb2 d5 18. g6 fxg6 19. h5 gxh5 20. Bh3 Qd6 21. f4 e5 22.
exd5 Qxd5 23. fxe5 Nxe5 24. Rhe1 Nf3 25. Qe3 Bg5 26. Be6+ Kh8 27. Bxd5 Bxe3 28.
Bxc6 Nxe1 29. Bxe3 Nxc2 30. Bc5 Na3+ 31. Ka1 Nc2+ 32. Kb1 Na3+ 33. Kc1 Rac8 34.
Bxf8 Rxc6+ 35. Kd2 Rc2+ 36. Ke3 Rxb2 37. Rd8 Nc2+ 38. Ke4 Kg8 39. Bxb4+ Kf7 40.
Bc3 Rxa2 41. Rd7+ Ke6 42. Rxg7 Na3 43. Rxh7 Nb5 44. Rh6+ Kd7 45. Be5 Re2+ 46.
Kd5 Nc7+ 47. Bxc7 Kxc7 48. Rxa6 Kb7 49. Rh6 Rc2 50. Kd4 Rc1 51. Kd3 Rc5 52. Kd4
Rc1 53. Rxh5 Kb6 54. Kd3 Rc8 55. Rd5 Rc1 56. Kd2 Rc8 57. Rh5 Rc7 58. Rh8 Rc6
59. Rb8+ Kc7 60. Rb4 Rb6 61. Rc4+ Rc6 62. Rh4 Kb6 63. Rh8 Kb5 64. Kd3 Rd6+ 65.
Kc3 Rc6+ 66. Kb2 Rg6 67. Rb8+ Rb6 68. Rg8 Rh6 69. Rg5+ Kb4 70. Rg4+ Kb5 71. Ra4
Ra6 72. Rh4 Rg6 73. Rh8 Rf6 74. Rb8+ Rb6 75. Rc8 Rc6 76. Ra8 Ra6 77. Rxa6 Kxa6
78. Kc3 Kb5 79. b4 Kb6 80. Kc4 Kc6 81. b5+ Kb6 82. Kb4 Kb7 83. Kc5 Kc7 84. b6+
Kb7 85. Kb5 Kb8 86. Kb4 Kb7 87. Kc5 Kb8 88. Kc6 Kc8 89. b7+ 1/2-1/2

[Event "8. Open Vila de Salou"]
[Site "Salou ESP"]
[Date "2006.06.12"]
[Round "6.4"]
[White "Jakobsen, Ole"]
[Black "Moskalenko, Viktor"]
[Result "1/2-1/2"]
[WhiteElo "2388"]
[BlackElo "2540"]
[PlyCount "35"]
[EventDate "2006.06.07"]
[EventType "swiss"]
[EventRounds "9"]
[EventCountry "ESP"]
[Source "lmi"]
[SourceDate "2006.06.16"]

1. d4 d5 2. Nf3 e6 3. c4 c6 4. Qc2 Nd7 5. g3 Ngf6 6. Nbd2 Be7 7. Bg2 O-O 8. O-O
b6 9. b3 Bb7 10. Bb2 c5 11. Rad1 Rc8 12. Qb1 Qc7 13. cxd5 exd5 14. Rc1 Rfe8 15.
Rfe1 a5 16. e3 Bf8 17. Red1 Qb8 18. Bf1 1/2-1/2

[Event "8. Open Vila de Salou"]
[Site "Salou ESP"]
[Date "2006.06.12"]
[Round "6.5"]
[White "Lopez Martinez, Josep M"]
[Black "Tania, Sachdev"]
[Result "1-0"]
[WhiteElo "2481"]
[BlackElo "2375"]
[PlyCount "85"]
[EventDate "2006.06.07"]
[EventType "swiss"]
[EventRounds "9"]
[EventCountry "ESP"]
[Source "lmi"]
[SourceDate "2006.06.16"]

1. c4 e5 2. Nc3 Nf6 3. Nf3 Nc6 4. d3 d5 5. cxd5 Nxd5 6. e3 Be7 7. Be2 O-O 8.
O-O Be6 9. a3 f5 10. Qc2 Bf6 11. Na4 Bf7 12. Rb1 a5 13. b3 Qe7 14. Nd2 Na7 15.
Bb2 c6 16. Rfe1 Nb5 17. Ra1 Kh8 18. Bf1 Rfe8 19. Nc4 e4 20. dxe4 fxe4 21. Red1
Bxb2 22. Qxb2 Qc7 23. Rdc1 Nd6 24. Qd4 Nf5 25. Qc5 b5 26. Ncb6 bxa4 27. Nxa8
Rxa8 28. bxa4 Nfe7 29. Rab1 Rf8 30. Qd4 Nf6 31. h3 Be6 32. Rc5 Ned5 33. Qd2 Qf7
34. Rxc6 Bd7 35. Rc5 Be6 36. Rc6 Bd7 37. Rb7 Qe8 38. Rc5 Bxa4 39. Qxa5 Bc6 40.
Ra7 h6 41. Bc4 Ne7 42. Qc7 Bd7 43. Re5 1-0

[Event "8. Open Vila de Salou"]
[Site "Salou ESP"]
[Date "2006.06.12"]
[Round "6.6"]
[White "Edouard, Romain"]
[Black "Alsina Leal, Daniel"]
[Result "0-1"]
[WhiteElo "2363"]
[BlackElo "2441"]
[PlyCount "72"]
[EventDate "2006.06.07"]
[EventType "swiss"]
[EventRounds "9"]
[EventCountry "ESP"]
[Source "lmi"]
[SourceDate "2006.06.16"]

1. e4 c5 2. Nf3 Nc6 3. d4 cxd4 4. Nxd4 Nf6 5. Nc3 e5 6. Ndb5 d6 7. Bg5 a6 8.
Na3 b5 9. Bxf6 gxf6 10. Nd5 f5 11. c3 Bg7 12. Bd3 Be6 13. Nxb5 axb5 14. Bxb5
Bd7 15. exf5 Nb8 16. Bxd7+ Nxd7 17. O-O O-O 18. a4 Nf6 19. a5 Rxa5 20. Rxa5
Qxa5 21. Nxf6+ Bxf6 22. Qxd6 Kg7 23. Qc6 Rd8 24. Qc4 Qb6 25. b4 h6 26. Qb3 e4
27. c4 Rd3 28. Qb1 Bc3 29. b5 Bd4 30. Qc2 Qc5 31. Rb1 Qd6 32. Re1 Qf4 33. h3
Qxf5 34. Re2 Qf4 35. c5 Rc3 36. Rxe4 Rxc2 0-1

[Event "8. Open Vila de Salou"]
[Site "Salou ESP"]
[Date "2006.06.12"]
[Round "6.7"]
[White "Aloma Vidal, Robert"]
[Black "Caruana, Fabiano"]
[Result "0-1"]
[WhiteElo "2352"]
[BlackElo "2421"]
[PlyCount "84"]
[EventDate "2006.06.07"]
[EventType "swiss"]
[EventRounds "9"]
[EventCountry "ESP"]
[Source "lmi"]
[SourceDate "2006.06.16"]

1. d4 e6 2. c4 Nf6 3. Nc3 Bb4 4. Qc2 O-O 5. e4 d5 6. e5 Ne4 7. Bd3 c5 8. cxd5
exd5 9. Nge2 Nc6 10. dxc5 Nxe5 11. O-O Nxd3 12. Qxd3 Bxc5 13. Nxd5 Bf5 14. b4
Bd6 15. Bf4 Bxf4 16. Nexf4 Qg5 17. Rfe1 Rfe8 18. f3 Nd6 19. Qd4 h6 20. Qc5 Red8
21. Rad1 Kh8 22. Qf2 Rd7 23. h4 Qd8 24. g4 Bh7 25. Re2 Ne8 26. Rde1 Nc7 27. Ne3
Nb5 28. Nf1 Nd4 29. Re5 Qxh4 30. Re8+ Rxe8 31. Rxe8+ Bg8 32. Qe3 Rd8 33. Rxd8
Qxd8 34. Ng3 Qb6 35. Kg2 Qxb4 36. Nfh5 Qb2+ 37. Kh3 Ne6 38. f4 Qxa2 39. Qe5 Qf2
40. Nf5 Qf3+ 41. Kh4 f6 42. Nxf6 Qf2+ 0-1

[Event "8. Open Vila de Salou"]
[Site "Salou ESP"]
[Date "2006.06.12"]
[Round "6.9"]
[White "Vila Gazquez, Xavier"]
[Black "Lacasa Diaz, Josep A"]
[Result "0-1"]
[WhiteElo "2325"]
[BlackElo "2411"]
[PlyCount "120"]
[EventDate "2006.06.07"]
[EventType "swiss"]
[EventRounds "9"]
[EventCountry "ESP"]
[Source "lmi"]
[SourceDate "2006.06.16"]

1. e4 c5 2. Nf3 d6 3. d4 Nf6 4. Nc3 cxd4 5. Nxd4 e6 6. g4 h6 7. h3 Nc6 8. Be3
Bd7 9. f4 Be7 10. Qf3 Nxd4 11. Bxd4 Bc6 12. Bd3 Qa5 13. O-O-O e5 14. Be3 b5 15.
Kb1 b4 16. Nd5 Nxd5 17. exd5 Bxd5 18. Bb5+ Qxb5 19. Rxd5 Qc6 20. fxe5 O-O 21.
exd6 Bxd6 22. Bxh6 Rac8 23. Qd1 Be7 24. Bc1 Rfd8 25. Rd3 Rxd3 26. cxd3 Rd8 27.
Re1 Bh4 28. Rf1 Qd5 29. Rf3 g6 30. Qe2 b3 31. axb3 Qxb3 32. Qc2 Qd5 33. Qe2 Qb3
34. Re3 Kg7 35. d4 Qd5 36. Re4 Bf6 37. Bd2 Rc8 38. Bc3 Rxc3 39. bxc3 Qb3+ 40.
Qb2 Qd1+ 41. Qc1 Qb3+ 42. Ka1 Bg5 43. Qb2 Qd1+ 44. Qb1 Qa4+ 45. Kb2 Qb5+ 46.
Kc2 Qa4+ 47. Qb3 Qa1 48. d5 Qc1+ 49. Kd3 Qf1+ 50. Kd4 Bf6+ 51. Kc5 Qa6 52. Qb5
Qa3+ 53. Qb4 Qa6 54. Re8 Bh4 55. d6 Bf2+ 56. Kd5 Bb6 57. Qc4 Qb7+ 58. Ke5 Qf3
59. Rc8 Qe3+ 60. Kd5 Qe6+ 0-1

[Event "8. Open Vila de Salou"]
[Site "Salou ESP"]
[Date "2006.06.12"]
[Round "6.10"]
[White "Asis Gargatagli, Hipolit"]
[Black "Ibarra Chami, Luis"]
[Result "1-0"]
[WhiteElo "2361"]
[BlackElo "2197"]
[PlyCount "137"]
[EventDate "2006.06.07"]
[EventType "swiss"]
[EventRounds "9"]
[EventCountry "ESP"]
[Source "lmi"]
[SourceDate "2006.06.16"]

1. e4 e6 2. d4 d5 3. Nc3 Nf6 4. e5 Nfd7 5. Nf3 c5 6. dxc5 Nc6 7. Bf4 Bxc5 8.
Bd3 h6 9. h4 Qb6 10. Qd2 Nd4 11. Rh3 Nxf3+ 12. Rxf3 Bd4 13. O-O-O Bxe5 14. Re1
Bf6 15. Nxd5 Qxb2+ 16. Kd1 O-O 17. Nxf6+ Qxf6 18. Be5 Qxe5 19. Rxe5 Nxe5 20.
Rg3 Kh8 21. f4 Nxd3 22. Rxd3 e5 23. fxe5 Be6 24. a3 Rac8 25. Qa5 Bf5 26. Rd2 a6
27. Qb4 b5 28. g4 Be6 29. g5 h5 30. Qd6 Rfe8 31. Qxa6 Bg4+ 32. Kc1 Rxe5 33. g6
fxg6 34. Qxg6 Rec5 35. Rf2 R5c6 36. Rf8+ Rxf8 37. Qxc6 Be2 38. Qe4 Bg4 39. Kb2
Rf5 40. Kb3 Kh7 41. a4 bxa4+ 42. Kxa4 g5 43. hxg5 Kg6 44. c4 Kxg5 45. Qe7+ Kg6
46. c5 Bf3 47. Qe8+ Kg5 48. c6 Rf4+ 49. Kb3 Bxc6 50. Qxc6 Rg4 51. Qd5+ Kg6 52.
Kc2 Kh6 53. Kd2 Kg6 54. Ke2 Kh6 55. Qf5 Rg6 56. Kf3 Rg4 57. Qf7 Kg5 58. Qg7+
Kf5 59. Qh6 Rg5 60. Ke3 Rg3+ 61. Kf2 Rg6 62. Qxh5+ Kf6 63. Kf3 Rg5 64. Qh7 Rf5+
65. Ke4 Re5+ 66. Kf4 Re6 67. Qh8+ Kg6 68. Qg8+ Kf6 69. Qf8+ 1-0

[Event "8. Open Vila de Salou"]
[Site "Salou ESP"]
[Date "2006.06.12"]
[Round "6.12"]
[White "Kononenko, Tatiana"]
[Black "Hutchinson, Norman"]
[Result "1-0"]
[WhiteElo "2383"]
[BlackElo "2107"]
[PlyCount "89"]
[EventDate "2006.06.07"]
[EventType "swiss"]
[EventRounds "9"]
[EventCountry "ESP"]
[Source "lmi"]
[SourceDate "2006.06.16"]

1. d4 Nf6 2. c4 e6 3. Nf3 b6 4. Nc3 Bb4 5. Bg5 h6 6. Bh4 O-O 7. e3 Bb7 8. Bd3
d6 9. O-O Bxc3 10. bxc3 Nbd7 11. Nd2 e5 12. f4 exf4 13. exf4 Re8 14. Bf5 Re7
15. Rf2 Qe8 16. h3 Re3 17. Nf1 Rxc3 18. Re2 Qf8 19. Qa4 d5 20. cxd5 Ra3 21. Qc2
Qd6 22. Bxd7 Qxd7 23. Bxf6 gxf6 24. Ne3 Bxd5 25. Qd2 Be4 26. Ng4 Kg7 27. f5 Rh8
28. Rxe4 h5 29. Ne3 Re8 30. Rxe8 Qxe8 31. Re1 Qa4 32. Re2 Qb5 33. Qe1 Rd3 34.
Qg3+ Kf8 35. Qxc7 Rxd4 36. Qb8+ Kg7 37. Qg3+ Kf8 38. Rc2 Rd8 39. Qf4 Re8 40.
Qh6+ Kg8 41. Qxf6 Qd3 42. Rc3 Qb1+ 43. Kh2 Qb4 44. Qg5+ Kf8 45. Qh6+ 1-0

[Event "8. Open Vila de Salou"]
[Site "Salou ESP"]
[Date "2006.06.12"]
[Round "6.14"]
[White "Garcia Castro, Pablo"]
[Black "Ramos Lor, Jose"]
[Result "1-0"]
[WhiteElo "2309"]
[BlackElo "2064"]
[PlyCount "54"]
[EventDate "2006.06.07"]
[EventType "swiss"]
[EventRounds "9"]
[EventCountry "ESP"]
[Source "lmi"]
[SourceDate "2006.06.16"]

1. g3 e5 2. Bg2 d5 3. d3 Nf6 4. Nf3 Nc6 5. O-O Be7 6. a3 O-O 7. b4 a6 8. Bb2 d4
9. c3 Re8 10. Nbd2 Nd5 11. cxd4 exd4 12. Rc1 Nc3 13. Bxc3 dxc3 14. Rxc3 Na7 15.
Nc4 Bf6 16. Rc1 Nb5 17. e3 Be6 18. Qc2 c6 19. Nfd2 Nc3 20. Rfe1 b5 21. Na5 Na2
22. Rb1 Nc3 23. Ra1 Na4 24. d4 Bd5 25. Nxc6 Rc8 26. Qxa4 Rxc6 27. Qd1 Qa8 1-0

[Event "8. Open Vila de Salou"]
[Site "Salou ESP"]
[Date "2006.06.12"]
[Round "6.15"]
[White "Peric, Slavisa"]
[Black "Vinals Rioja, Jaume"]
[Result "1-0"]
[WhiteElo "2288"]
[BlackElo "2122"]
[PlyCount "48"]
[EventDate "2006.06.07"]
[EventType "swiss"]
[EventRounds "9"]
[EventCountry "ESP"]
[Source "lmi"]
[SourceDate "2006.06.16"]

1. d4 d5 2. Nf3 Nf6 3. Bg5 h6 4. Bxf6 exf6 5. e3 Bd6 6. c4 dxc4 7. Bxc4 O-O 8.
h3 Nd7 9. Nc3 Nb6 10. Bb3 c6 11. Nh4 Be6 12. Bc2 g6 13. Bb3 Bxb3 14. Qxb3 Kg7
15. O-O Rb8 16. Nf3 Nd7 17. Ne4 Bc7 18. d5 cxd5 19. Nc3 Ne5 20. Nd4 a6 21. Nxd5
Qd6 22. Rfd1 Rfd8 23. Rac1 Nc6 24. Nf3 Rdc8 1-0

[Event "8. Open Vila de Salou"]
[Site "Salou ESP"]
[Date "2006.06.12"]
[Round "6.16"]
[White "Tscharotschkin, Michael"]
[Black "Aalbersberg Kroon, Pere"]
[Result "1-0"]
[WhiteElo "2244"]
[BlackElo "2096"]
[PlyCount "93"]
[EventDate "2006.06.07"]
[EventType "swiss"]
[EventRounds "9"]
[EventCountry "ESP"]
[Source "lmi"]
[SourceDate "2006.06.16"]

1. e4 e5 2. Nf3 Nc6 3. c3 d5 4. Bb5 a6 5. Bxc6+ bxc6 6. Qa4 dxe4 7. Qxc6+ Bd7
8. Qxe4 Bd6 9. O-O Nf6 10. Qh4 e4 11. Ng5 Bc6 12. d3 O-O 13. Nxe4 Nxe4 14. Qxd8
Raxd8 15. dxe4 Bxe4 16. Be3 f5 17. f3 Bc6 18. Nd2 Rfe8 19. Bg5 Rb8 20. b4 h6
21. Bh4 Bf4 22. Nb3 Bb5 23. Rfe1 Rxe1+ 24. Rxe1 Re8 25. Rxe8+ Bxe8 26. Bg3 Bxg3
27. hxg3 Kf7 28. c4 Kf6 29. f4 Bf7 30. Nd2 Ke7 31. Kf2 Kd6 32. Ke3 g5 33. fxg5
hxg5 34. Kd4 g4 35. Nf1 Be8 36. Ne3 Bd7 37. Nd5 Bc6 38. c5+ Kd7 39. Ke5 Kd8 40.
Ne3 Be4 41. Nxg4 Bxg2 42. Kxf5 Kd7 43. Ne5+ Ke8 44. g4 Bb7 45. g5 a5 46. b5 a4
47. a3 1-0

[Event "8. Open Vila de Salou"]
[Site "Salou ESP"]
[Date "2006.06.12"]
[Round "6.17"]
[White "Jorge Bort, Emilio"]
[Black "Yastrebova, Tatiana"]
[Result "1-0"]
[WhiteElo "2197"]
[BlackElo "2056"]
[PlyCount "77"]
[EventDate "2006.06.07"]
[EventType "swiss"]
[EventRounds "9"]
[EventCountry "ESP"]
[Source "lmi"]
[SourceDate "2006.06.16"]

1. e4 d6 2. d4 Nf6 3. Nc3 g6 4. Nf3 Bg7 5. Be3 O-O 6. Qd2 Ng4 7. Bg5 h6 8. Bh4
c6 9. h3 Nf6 10. O-O-O b5 11. e5 Ne8 12. Bd3 dxe5 13. dxe5 Nc7 14. Be4 Qxd2+
15. Rxd2 g5 16. Bg3 b4 17. Ne2 Be6 18. Ned4 Bd5 19. Bxd5 cxd5 20. Nf5 Nc6 21.
N3d4 Nxd4 22. Nxe7+ Kh7 23. Rxd4 Rfe8 24. Nxd5 Nxd5 25. Rxd5 Re7 26. Rhd1 Rae8
27. Rd7 Kg6 28. Rxe7 Rxe7 29. Rd5 Kf5 30. Kd2 h5 31. Rb5 Rd7+ 32. Ke2 Rd4 33.
f3 g4 34. hxg4+ hxg4 35. Rb7 gxf3+ 36. gxf3 Bh6 37. Rxf7+ Kg6 38. Rf6+ Kh5 39.
Rd6 1-0

[Event "8. Open Vila de Salou"]
[Site "Salou ESP"]
[Date "2006.06.12"]
[Round "6.18"]
[White "Ruprich, Udo"]
[Black "Hutchinson, Paul A"]
[Result "0-1"]
[WhiteElo "2021"]
[BlackElo "2178"]
[PlyCount "106"]
[EventDate "2006.06.07"]
[EventType "swiss"]
[EventRounds "9"]
[EventCountry "ESP"]
[Source "lmi"]
[SourceDate "2006.06.16"]

1. e4 d5 2. exd5 Qxd5 3. Nc3 Qa5 4. d4 Nf6 5. Bc4 c6 6. Nf3 Bg4 7. Qe2 e6 8. a3
Be7 9. Bd2 Qc7 10. h3 Bxf3 11. Qxf3 Nbd7 12. O-O O-O 13. Ne2 e5 14. c3 Bd6 15.
Ng3 Rfe8 16. Nf5 Nb6 17. Qg3 Nh5 18. Qd3 e4 19. Qe2 Nxc4 20. Qxc4 Bf4 21. Bxf4
Qxf4 22. Ne3 Re6 23. Qe2 Nf6 24. Rad1 Rd8 25. Rd2 h5 26. c4 Qg5 27. Rfd1 Red6
28. Nc2 Qf5 29. Ne3 Qg6 30. d5 c5 31. b4 b6 32. bxc5 bxc5 33. Rb2 Nd7 34. Nf1
f5 35. f3 Re8 36. fxe4 Rxe4 37. Qf2 f4 38. Rc1 Qe8 39. Kh2 Rg6 40. Rcc2 Qe5 41.
Kh1 Nb6 42. Rb1 Qe7 43. Rbc1 Rg5 44. Nh2 Rg3 45. Nf3 Re3 46. Ra2 Rexf3 47. gxf3
Rxh3+ 48. Kg1 Qg5+ 49. Qg2 Rg3 50. d6 h4 51. Kh1 Rxg2 52. Rxg2 Qf5 53. Rcg1
Qh3+ 0-1

[Event "8. Open Vila de Salou"]
[Site "Salou ESP"]
[Date "2006.06.12"]
[Round "6.19"]
[White "Hoenick, Andreas"]
[Black "Marco Molina, Rafael"]
[Result "1-0"]
[WhiteElo "2168"]
[BlackElo "2017"]
[PlyCount "59"]
[EventDate "2006.06.07"]
[EventType "swiss"]
[EventRounds "9"]
[EventCountry "ESP"]
[Source "lmi"]
[SourceDate "2006.06.16"]

1. c4 f5 2. g3 Nf6 3. Bg2 g6 4. Nc3 Bg7 5. d3 e5 6. e4 d6 7. exf5 gxf5 8. Nge2
Nc6 9. Bg5 O-O 10. O-O Be6 11. Nd5 Qd7 12. Nxf6+ Bxf6 13. Bxf6 Rxf6 14. f4 Rd8
15. b3 d5 16. fxe5 Nxe5 17. Nf4 dxc4 18. dxc4 Qxd1 19. Raxd1 Rxd1 20. Rxd1 Bc8
21. Re1 Nd7 22. Bd5+ Kh8 23. Re7 Nb6 24. Re8+ Kg7 25. Nh5+ Kg6 26. Nxf6 Kxf6
27. Bf3 Bd7 28. Rh8 Kg7 29. Rd8 Be6 30. Bxb7 1-0

[Event "8. Open Vila de Salou"]
[Site "Salou ESP"]
[Date "2006.06.12"]
[Round "6.20"]
[White "Moro Adame, Antonio"]
[Black "Vila Cairo, Gerard"]
[Result "1-0"]
[WhiteElo "2153"]
[BlackElo "1998"]
[PlyCount "73"]
[EventDate "2006.06.07"]
[EventType "swiss"]
[EventRounds "9"]
[EventCountry "ESP"]
[Source "lmi"]
[SourceDate "2006.06.16"]

1. c4 b5 2. cxb5 a6 3. bxa6 Nxa6 4. Nf3 g6 5. g3 Bg7 6. Bg2 Bb7 7. O-O Nf6 8.
Nc3 O-O 9. d3 d6 10. Rb1 c5 11. Bg5 h6 12. Bd2 Qd7 13. Na4 Qb5 14. a3 Nc7 15.
Nc3 Qa6 16. b4 Nd7 17. bxc5 Nxc5 18. d4 N5e6 19. e3 Nd5 20. Nxd5 Bxd5 21. Bb4
Nd8 22. Nd2 Bxg2 23. Kxg2 Nc6 24. Qf3 Nxb4 25. axb4 Qb5 26. Ne4 Rfc8 27. Nc3
Qd3 28. Nd5 Ra7 29. b5 Rb8 30. Nb4 Qa3 31. Nc6 Rbb7 32. Nxa7 Qxa7 33. Qc6 Rc7
34. b6 Qb7 35. Qxb7 Rxb7 36. Rfc1 e5 37. Rc7 1-0

[Event "8. Open Vila de Salou"]
[Site "Salou ESP"]
[Date "2006.06.13"]
[Round "7.1"]
[White "Mirzoev, Azer"]
[Black "Hamdouchi, Hichem"]
[Result "0-1"]
[WhiteElo "2532"]
[BlackElo "2559"]
[PlyCount "126"]
[EventDate "2006.06.07"]
[EventType "swiss"]
[EventRounds "9"]
[EventCountry "ESP"]
[Source "lmi"]
[SourceDate "2006.06.16"]

1. d4 d6 2. e4 Nf6 3. Bd3 e5 4. c3 d5 5. dxe5 Nxe4 6. Bxe4 dxe4 7. Qxd8+ Kxd8
8. Bg5+ Be7 9. Bf4 Nd7 10. Ne2 Nc5 11. Nc1 a5 12. O-O Bf5 13. c4 Be6 14. Nd2
Kc8 15. b3 Rd8 16. Ne2 h6 17. Be3 Bg5 18. Nf4 Bxf4 19. Bxf4 Nd3 20. Be3 Bf5 21.
f3 Nb4 22. fxe4 Bg6 23. Bf4 a4 24. Rfd1 Bh5 25. Nf3 Rxd1+ 26. Rxd1 Nxa2 27.
bxa4 Rxa4 28. e6 fxe6 29. Be5 Rxc4 30. Bxg7 Nc3 31. Ra1 Bxf3 32. gxf3 b5 33.
Bxh6 b4 34. Kg2 b3 35. Bc1 Ne2 36. Ba3 Rc2 37. h4 b2 38. Bxb2 Rxb2 39. Kh3 Kd7
40. h5 Nf4+ 41. Kg4 e5 42. h6 Rh2 43. Kf5 Rxh6 44. Kxe5 Nd3+ 45. Kd4 Rd6+ 46.
Ke3 Nb4 47. Ra5 Rd3+ 48. Kf4 Nc6 49. Rh5 Nd4 50. Rh7+ Kc6 51. Rh3 Kd6 52. Rh6+
Ne6+ 53. Kg4 Re3 54. Kg3 Re2 55. Kg4 Rg2+ 56. Kf5 Rg5+ 57. Kf6 Rg3 58. e5+ Kd5
59. Ke7 Nd4 60. Rh5 Rxf3 61. e6+ Rf5 62. Rh1 Nxe6 63. Rd1+ Nd4 0-1

[Event "8. Open Vila de Salou"]
[Site "Salou ESP"]
[Date "2006.06.13"]
[Round "7.3"]
[White "Lacasa Diaz, Josep A"]
[Black "Lopez Martinez, Josep M"]
[Result "0-1"]
[WhiteElo "2411"]
[BlackElo "2481"]
[PlyCount "120"]
[EventDate "2006.06.07"]
[EventType "swiss"]
[EventRounds "9"]
[EventCountry "ESP"]
[Source "lmi"]
[SourceDate "2006.06.16"]

1. e4 e6 2. d4 d5 3. Nc3 Bb4 4. e5 Ne7 5. a3 Bxc3+ 6. bxc3 b6 7. Qg4 Ng6 8. h4
h5 9. Qd1 Qd7 10. a4 Ba6 11. Bxa6 Nxa6 12. Bg5 Qc6 13. Ne2 Qc4 14. O-O Ne7 15.
Bxe7 Kxe7 16. Qd2 c5 17. Rad1 Kd7 18. f4 g6 19. Kh2 Rhg8 20. Qd3 Qxd3 21. cxd3
Rgc8 22. c4 dxc4 23. dxc4 cxd4 24. Rxd4+ Ke7 25. Rfd1 Nc5 26. Nc3 Rd8 27. Kg3
Rxd4 28. Rxd4 Rc8 29. Nb5 a6 30. Nd6 Rd8 31. Rd2 Nb7 32. Rb2 Nxd6 33. exd6+
Rxd6 34. a5 bxa5 35. Ra2 Rd3+ 36. Kf2 Rd4 37. Kf3 Rxc4 38. Rxa5 Rc6 39. Ra3 Kf6
40. g4 hxg4+ 41. Kxg4 Rb6 42. Ra5 Ke7 43. Ra1 Kd7 44. Rd1+ Kc7 45. Rc1+ Rc6 46.
Ra1 Kb7 47. Rb1+ Ka7 48. Rd1 Rc7 49. Ra1 Rc5 50. Rd1 Rf5 51. Rd7+ Kb6 52. Rd6+
Kb5 53. Rd7 a5 54. Rb7+ Ka6 55. Rb8 a4 56. Ra8+ Kb5 57. Rb8+ Kc4 58. Rc8+ Kb4
59. Rc7 a3 60. Rb7+ Rb5 0-1

[Event "8. Open Vila de Salou"]
[Site "Salou ESP"]
[Date "2006.06.13"]
[Round "7.4"]
[White "Alsina Leal, Daniel"]
[Black "Pogorelov, Ruslan"]
[Result "1/2-1/2"]
[WhiteElo "2441"]
[BlackElo "2385"]
[PlyCount "114"]
[EventDate "2006.06.07"]
[EventType "swiss"]
[EventRounds "9"]
[EventCountry "ESP"]
[Source "lmi"]
[SourceDate "2006.06.16"]

1. e4 c5 2. Nf3 d6 3. d4 cxd4 4. Nxd4 Nf6 5. Nc3 a6 6. Be3 e5 7. Nb3 Be6 8. f3
Be7 9. Qd2 O-O 10. O-O-O Nbd7 11. g4 b5 12. g5 Nh5 13. Nd5 Bxd5 14. exd5 Qc7
15. Na5 Rae8 16. Nc6 f5 17. gxf6 Bxf6 18. Bd3 g6 19. Be4 Bg7 20. Kb1 Nhf6 21.
c4 bxc4 22. Rc1 Nxe4 23. fxe4 Nf6 24. Rxc4 Qd7 25. Bb6 Qg4 26. Re1 Qf4 27. Qe2
Qh4 28. a3 Ng4 29. Rec1 h5 30. R1c2 Kh7 31. Na5 Rf7 32. Ka2 Ref8 33. Rc6 Nf2
34. Rxd6 Qxh2 35. Nc6 Qf4 36. Nd8 Rxd8 37. Rxd8 Nxe4 38. d6 Bf6 39. Rc4 Qg5 40.
Rxe4 Bxd8 41. Rxe5 Qh4 42. Bxd8 Qxd8 43. Re7 Qg8 44. Ka1 Qf8 45. Qe6 Kg7 46.
Qe5+ Kh6 47. Qe3+ Kh7 48. Qf2 Kg8 49. Qe2 Rxe7 50. dxe7 Qe8 51. Qe6+ Kg7 52. b4
h4 53. Qe5+ Kf7 54. Qf4+ Kxe7 55. Qxh4+ Kd7 56. Qd4+ Kc6 57. a4 Qe5 1/2-1/2

[Event "8. Open Vila de Salou"]
[Site "Salou ESP"]
[Date "2006.06.13"]
[Round "7.5"]
[White "Caruana, Fabiano"]
[Black "Jakobsen, Ole"]
[Result "1-0"]
[WhiteElo "2421"]
[BlackElo "2388"]
[PlyCount "93"]
[EventDate "2006.06.07"]
[EventType "swiss"]
[EventRounds "9"]
[EventCountry "ESP"]
[Source "lmi"]
[SourceDate "2006.06.16"]

1. e4 c5 2. Nf3 a6 3. c3 e6 4. d4 d5 5. exd5 exd5 6. Be2 Bd6 7. dxc5 Bxc5 8.
O-O Ne7 9. Nbd2 Nbc6 10. Nb3 Bd6 11. Nbd4 h6 12. Be3 Qc7 13. Nxc6 bxc6 14. c4
dxc4 15. Bxc4 O-O 16. h3 Nf5 17. Bd2 Rd8 18. Qa4 a5 19. Bc3 c5 20. Rfe1 Bb7 21.
Ne5 Bxe5 22. Rxe5 Nd6 23. Rae1 Qc8 24. Bd5 Qd7 25. Qf4 Re8 26. Qg3 Rxe5 27.
Rxe5 Kf8 28. Bxb7 Nxb7 29. Qxg7+ Kxg7 30. Rd5+ Kg6 31. Rxd7 Nd8 32. a4 Ne6 33.
g4 Re8 34. h4 h5 35. f3 f5 36. g5 f4 37. Kf2 Rb8 38. Rd6 Kf5 39. Rd5+ Kg6 40.
Rd6 Kf5 41. g6 Rb7 42. g7 Rb8 43. Ke2 Rg8 44. Kd3 Nd4 45. Rd5+ Ke6 46. Rxc5
Nxf3 47. Rxh5 1-0